Normal view
MARC view
- Jonijo, Abdul Jabar
Entry Personal Name
001 - CONTROL NUMBER
- control field: 16002
003 - CONTROL NUMBER IDENTIFIER
- control field: NUST
005 - DATE AND TIME OF LATEST TRANSACTION
- control field: 20190629055541.0
008 - FIXED-LENGTH DATA ELEMENTS
- fixed length control field: 190629|| aca||aabn | a|a d
040 ## - CATALOGING SOURCE
- Original cataloging agency: NUST
- Transcribing agency: NUST
100 ## - HEADING--PERSONAL NAME
- Personal name: Jonijo, Abdul Jabar
670 ## - SOURCE DATA FOUND
- Source citation: Work cat.: (NUST): Jonijo, Abdul Jabar, Sindhi Lok Geet /, 1985.
